000
00287nam a2200121Ia 4500
008
190723s9999 xx 000 0 und d
020
_a
978-0-13-449416-6
100
_a
Robert C.Martin
245
0
_a
Clean Architecture
260
_a
Bostan
_b
Pearson
_c
2018
300
_a
404:p
942
_c
BK
999
_c
1553
_d
1553